000 00420nam a22001937a 4500
003 UA-OsUOA
001 35460
007 ta
008 20051129b un ||||| |||| 00| 0 ukr d
100 _aшевченко
942 _cBK
040 _aUA-OsUOA
_bukr
_cUA-OsUOA
_dUA-OsUOA
245 _aГайдамаки
300 _a205 с.
955 _a2
041 _aukr
260 _aК.
_bдніпро
_c2004
650 7 _2UDC
999 _c321822
_d321822